| 000 | 00600nam a2200229Ia 4500 | ||
|---|---|---|---|
| 003 | OSt | ||
| 005 | 20220924145625.0 | ||
| 006 | a|||||r|||| 00| 0 | ||
| 007 | ta | ||
| 008 | 220923b |||||||| |||| 00| 0 tel d | ||
| 024 | _a329610 | ||
| 037 | _cTextual | ||
| 040 |
_aARTS _cARTS _btel |
||
| 041 |
_2tel _atel |
||
| 082 | _aO142,3NALE,1, 35M7 | ||
| 100 |
_aAnekchebhy C.A. _9220209 |
||
| 245 | 0 | _aWar's unwomanly face | |
| 260 | _c1987 | ||
| 650 |
_aRUSSIAN LITERATURE _915056 |
||
| 942 |
_hO142,3NALE,1, 35M7 _cTEXL _2CC |
||
| 999 |
_c460696 _d460696 |
||